000 00611cam a2200193 4500500
005 20260405000258.0
041 _afre
042 _adc
100 1 0 _aOnfray, Michel
_eauthor
700 1 0 _aGarcia, Nicole
_eauthor
700 1 0 _aTruong, Nicolas
_eauthor
245 0 0 _aMichel Onfray, Nicole Garcia. Les adversaires
260 _c2006.
500 _a12
690 _aMichel Onfray
690 _aNicole Garcia
786 0 _nPhilosophie magazine | 1 | 4-5 | 2006-05-01 | p. 7-8 | 1951-1787
856 4 1 _uhttps://shs.cairn.info/magazine-philosophie-magazine-2006-4-5-page-7?lang=fr&redirect-ssocas=7080
999 _c2035449
_d2035449